| 000 | 00673nam a2200205Ii 4500 | ||
|---|---|---|---|
| 003 | JO-AjNU | ||
| 008 | 230605s9999||||xx |||||||||||||| ||und|| | ||
| 017 | _a2005/9/2127 | ||
| 040 |
_aJO-AjNU _bara _erda _cJO-AjNU |
||
| 041 | _aara | ||
| 050 | 1 | 4 | _aPJ7816.A728.H37 2005 |
| 100 | 3 |
_aالبواب، فضل خضر, _eauthor _923500 |
|
| 245 | 0 | 0 | _aحصاد اليباب: شعر |
| 264 | 3 | 1 | _aعمان: دار يافا العلمية للنشر والتوزيع، 2005 |
| 300 | _a160ص | ||
| 336 |
_atext _btxt _2rdacontent |
||
| 337 |
_aunmediated _bn _2rdamedia |
||
| 338 |
_avolume _bnc _2rdacarrier |
||
| 650 | 4 |
_aالشعر العربي- العصر الحديث _923501 |
|
| 999 |
_aA8511 _c12079 _d12079 |
||